[Event "Heusenstamm Sparkassen op-B 6th"]
[Site "Heusenstamm"]
[Date "2019.11.23"]
[Round "4"]
[White "Wohlgemuth, Wolfgang"]
[Black "Bondarevsky, David"]
[Result "1/2-1/2"]
[WhiteElo "1190"]
[BlackElo "1403"]
[PlyCount "46"]
[EventDate "2019.11.21"]
[EventType "swiss"]
[EventRounds "7"]
[EventCountry "GER"]
[SourceTitle "CBM 194 Extra"]
[Source "ChessBase"]
[SourceDate "2020.03.31"]
[SourceVersion "1"]
[SourceVersionDate "2020.03.31"]
[SourceQuality "1"]

1. d4 d5 2. c4 e6 3. Nc3 Nf6 4. Bg5 c6 5. e4 Be7 6. Bd3 dxe4 7. Nxe4 Nxe4 8. Bxe7 Qxe7 9. Bxe4 Qb4+ 10. Qd2 Qxc4 11. b3 Qb5 12. Ne2 Nd7 13. 0-0 Nf6 14. Bd3 Qb6 15. Qg5 0-0 16. Rac1 Qd8 17. Qh4 h6 18. Rc5 Nd7 19. Qe4 Nf6 20. Qh4 Nh7 21. Qe4 Nf6 22. Qh4 Nh7 23. Qe4 Nf6 1/2-1/2